000 00995nam a22002897a 4500
001 BR9001191
003 BR-BrBNA
005 20230928093407.0
007 ta
008 230509b bl.||||| |||| 00| 0 por d
040 _aBR-BrBNA
_bpor
_cBiblioteca Nacional de Agricultura
041 _a(Por)
072 _aF04; F01
_b0230
_b3860
090 _ 0230 BR9001191
100 1 _aRodrigues, M.O.
110 1 _aEscola Superior de Agricultura Luiz de Queiroz, Piracicaba, SP (Brasil)
_0Tese (Doutorado)
245 1 _aEfeitos da aplicacao do lodo de esgoto na produtividade e qualidade da cana-de-acucar
246 1 _aEffect of the sewage sludge on the sugar cane productivity and quality
260 3 _aPiracicaba, SP (Brasil):
_c1990.
300 _a164 p.
500 _aSummaries (Eng, Por); 6 tables; 27 illus.; Bibliography p. 107-120 (100 ref.)
650 _aCANA DE ACUCAR
650 _aADUBO DE ESGOTO
650 _aRENDIMENTO
909 _a202309
_bLucia
_c55
_dLucia Elande
942 _cBK
999 _c44732
_d44732